| 000 | 00624 a2200205 4500 | ||
|---|---|---|---|
| 020 | _a076193961X | ||
| 020 | _a0761939601 | ||
| 040 |
_aDLC _bDLC |
||
| 100 | 1 | _aGlatthorn, Allan A., | |
| 245 | 1 | 0 |
_aWriting the winning thesis or dissertation: a step-by-step guide _cAllan A. Glatthorn, Randy L. Joyner. |
| 250 | _a2nd ed. | ||
| 260 |
_aThousand Oaks, Calif. : _bCorwin Press, _cc2005. |
||
| 300 |
_axv, 268 p. ; _c23 cm. |
||
| 650 | 0 | _aDissertations, Academic. | |
| 650 | 0 | _aReport writing. | |
| 650 | 0 | _aResearch. | |
| 700 | 1 | _aJoyner, Randy L. | |
| 700 | 1 |
_aGlatthorn, Allan A., _d1924- |
|
| 942 |
_cBK _k808.02 GLA _2ddc |
||
| 999 |
_c9961 _d9961 |
||